A Text for the development of English Vocabulary (Record no. 191303)
[ view plain ]
| 000 -LEADER | |
|---|---|
| fixed length control field | 00736nam a2200205 4500 |
| 005 - DATE AND TIME OF LATEST TRANSACTION | |
| control field | 20220824115739.0 |
| 010 ## - LCCN (DPL NO) | |
| LC control number | ENG-134590 |
| 020 ## - INTERNATIONAL STANDARD BOOK NUMBER | |
| Terms of availability | 90.00 |
| International Standard Book Number | 9789385829642 |
| 035 ## - SYSTEM CONTROL NUMBER | |
| System control number | EN-118122 |
| 037 ## - SOURCE OF ACQUISITION | |
| Source of stock number/acquisition | DBAD/PUB |
| 082 ## - DEWEY DECIMAL CLASSIFICATION NUMBER | |
| Classification number | 483 |
| 100 ## - MAIN ENTRY--PERSONAL NAME | |
| Personal name | Kasarla, Shivani Pujala |
| 245 ## - TITLE STATEMENT | |
| Title | A Text for the development of English Vocabulary |
| Statement of responsibility, etc | Shivani Pujala Kasarla, ed. by Prakasam V. and S.D. Shubha Reddy |
| 260 ## - PUBLICATION, DISTRIBUTION, ETC. (IMPRINT) | |
| Place of publication, distribution, etc | Telangana |
| Name of publisher, distributor, etc | EMESCO BOOKS |
| Date of publication, distribution, etc | 2016 |
| 270 ## - ADDRESS | |
| Address | 1-2-7, Banoo colony, gagan mahal road, Domalguda |
| City | Hyderabad |
| Postal code | 500029 |
| Telephone number | 040-23264028 |
| Fax number | 040-23264028 |
| Electronic mail address | emescobooks@yahoo.com |
| 300 ## - PHYSICAL DESCRIPTION | |
| Extent | 160p. |
| Dimensions | 22cm(pbk) |
| 700 ## - ADDED ENTRY--PERSONAL NAME | |
| Personal name | Cacciamali maria cristina |
| 700 ## - ADDED ENTRY--PERSONAL NAME | |
| Personal name | Rodgers Gerry |
| 942 ## - ADDED ENTRY ELEMENTS (KOHA) | |
| Source of classification or shelving scheme | Dewey Decimal Classification |
| Item type | English Books |
| Classification part | 483 |
| Call number suffix | KAS |
| Withdrawn status | Lost status | Not for loan | Collection code | Home library | Current library | Date acquired | Source of acquisition | Cost, normal purchase price | Full call number | Barcode | Copy number | Cost, replacement price | Koha item type |
|---|---|---|---|---|---|---|---|---|---|---|---|---|---|
| Non-fiction | Bawana | Bawana | 24/08/2022 | DBAD/PUB | 90.00 | 483 KAS | EN-118122 | 1 | 90.00 | English Books |
